MARC details
| 000 -LÍDER |
| campo de controle de tamanho fixo |
01886nam a22003494a 4500 |
| 001 - NÚMERO DE CONTROLE |
| campo de controle |
416 |
| 003 - IDENTIFICADOR DO NÚMERO DE CONTROLE |
| campo de controle |
OSt |
| 005 - DATA E HORÁRIO DA ÚLTIMA TRANSAÇÃO |
| campo de controle |
20250528074019.0 |
| 008 - CAMPO DE DADOS FIXOS--INFORMAÇÃO GERAL |
| campo de controle de tamanho fixo |
130130s2012 spb g 000 f por |
| 020 ## - ISBN - INTERNATIONAL STANDARD BOOK NUMBER |
| ISBN - International Standard Book Number |
9788580444483 |
| 040 ## - FONTE DA CATALOGAÇÃO |
| Idioma da catalogação |
por |
| 041 1# - CÓDIGO DE IDIOMA |
| Código do idioma do texto/trilha sonora ou título diferente |
por |
| Código do idioma do original e/ou traduções intermediárias do texto |
eng |
| 082 ## - CDD - CLASSIFICAÇÃO DECIMAL DE DEWEY |
| Número de Classificação |
813 |
| Número do exemplar |
F245t |
| 100 ## - ENTRADA PRINCIPAL--NOME PESSOAL |
| Nome pessoal |
Farrell, S. L. |
| Datas associadas ao nome |
1951- |
| 9 (RLIN) |
894 |
| 240 00 - TÍTULO UNIFORME |
| Título uniforme |
A magic of twilight. |
| 245 12 - TÍTULO |
| Título |
O trono do sol : |
| Restante do título |
a magia da alvorada / |
| Indicação de responsabilidade, etc. |
S. L. Farrel ; tradução André Gordirro. - |
| 260 ## - PUBLICAÇÃO, DISTRIBUIÇÃO, ETC. |
| Local de publicação, distribuição, etc. |
São Paulo : |
| Nome do editor, distribuidor, etc. |
Leya, |
| Data da publicação, distribuição, etc. |
2012. |
| 300 ## - DESCRIÇÃO FÍSICA |
| Extensão |
574p. ; |
| 490 1# - TÍTULO DA SÉRIE |
| Título da série |
O ciclo nessântico |
| Número do volume ou designação sequencial da série |
vol. 01 |
| 500 ## - NOTA GERAL |
| Nota geral |
Tradução de: A magic of twilight. |
| 520 3# - NOTA DE RESUMO, ETC. |
| Resumo, etc. |
Nessântico - terra de luxúria e perigos, que durante séculos influenciou povos além de suas fronteiras. Uma cidade forte, sedutora, e que mesmo sob o efeito do comércio e da guerra, abriga intelectuais, ricos e poderosos de todo o país. Governada por Marguerite ca'Ludovici, que agora prepara-se para celebrar seu Jubileu e passar o legado para seu filho Justi, a cidade assiste Jan ca'Vörl, um poderoso nobre, armar uma rebelião. Archigos Dhosti ca'Millac, líder da Fé de Concénzia e aliado de Marguerite, luta para controlar fundamentalistas como Orlandi ca'Cellibrecca, enquanto eles clamam por uma ação contra aqueles que insistem em afirmar que a magia não está ligada à fé em Cénzi. Presa no meio desta disputa por poder está a jovem sacerdotisa Ana co'Seranta, cuja impressionante habilidade com a magia a torna um peão na luta pelo poder. |
| 650 00 - ASSUNTO--TERMO TÓPICO |
| Cabeçalho tópico ou nome geográfico |
Literatura Americana |
| 9 (RLIN) |
84 |
| 650 00 - ASSUNTO--TERMO TÓPICO |
| Cabeçalho tópico ou nome geográfico |
Fantasia Épica |
| 9 (RLIN) |
902 |
| 650 00 - ASSUNTO--TERMO TÓPICO |
| Cabeçalho tópico ou nome geográfico |
Magia e poderes sobrenaturais |
| 9 (RLIN) |
903 |
| 650 00 - ASSUNTO--TERMO TÓPICO |
| Cabeçalho tópico ou nome geográfico |
Luta pelo poder |
| 9 (RLIN) |
904 |
| 650 00 - ASSUNTO--TERMO TÓPICO |
| Cabeçalho tópico ou nome geográfico |
Cultura e mitologia fictícia |
| 9 (RLIN) |
905 |
| 655 #0 - TERMO DE ÍNDICE--GÊNERO E FORMA |
| Gênero/forma/ou termo foco |
Romance |
| 655 #0 - TERMO DE ÍNDICE--GÊNERO E FORMA |
| Gênero/forma/ou termo foco |
Ficção |
| 700 ## - ENTRADA ADICIONADA - NOME PESSOAL |
| Nome pessoal |
Gordirro, André |
| 9 (RLIN) |
896 |
| 830 ## - ENTRADA SECUNDÁRIA DE SÉRIE--TÍTULO UNIFORME |
| Título uniforme |
O ciclo nessântico ; |
| Número do volume ou designação sequencial da série |
vol. 01 |
| 9 (RLIN) |
895 |
| 942 ## - ELEMENTOS DE ENTRADA ADICIONADOS (KOHA) |
| Fonte de classificação ou esquema de arquivamento |
Classificação decimal de Dewey |
| Tipo de material Koha |
Livros |